Statistics for Fact... or Misconception?

Click here to take the quiz!

General Stats

  • This quiz has been taken 13,358 times
  • The average score is 11 of 16

Answer Stats

QuestionAnswer% Correct
Tortoises can live longer than humansFact
97%
Most people in Mexico speak Spanish as a first languageFact
93%
Fortune cookies were invented in ChinaMisconception
82%
The whale shark is a type of whaleMisconception
81%
More than 5% of people who contract Covid-19 will die from itMisconception
80%
David Hasselhoff was once a popular singer in GermanyFact
76%
Snakes kill thousands of people in Australia each yearMisconception
75%
Humans evolved from chimpanzeesMisconception
70%
A large percentage of the U.S. budget goes to providing aid to other countriesMisconception
67%
In the western world, the average man has less testosterone than his grandfather did at the same ageFact
64%
Iceland is colder than most other European countriesFact
61%
French people drink a lot more wine than people in most other countriesFact
51%
The Incan Empire lasted for thousands of years before the Spanish conquestMisconception
49%
Based on current estimates, most of New York City will be under water by the year 2100Misconception
45%
In the United States, pit bulls kill far more people than any other breed of dogFact
41%
There are actual bird nests in traditional Chinese "bird's nest soup"Fact
39%

Score Distribution

Percentile by Number Answered

Percent of People with Each Score

Your Score History

You have not taken this quiz